000 01267cam a22002054a 4500
005 20250605164129.0
008 250528s ||||||||||||||||||||||||d
035 _a18558
020 _a713636394
040 _aGR-AtMCL
_bgre
_dGR-AtMCL
_eAACR2
245 1 _aDrawing / Seeing and Observation
260 _bB.T. Batsford Ltd,
_c1992
300 _a208
505 0 _aForeword, Introduction, Drawing Techniques and Approaches, Assessing and Drawing Two Dimensions - Height and Width, Rectilinear Forms from Different Viewpoints, Circles and Cylinders and Cones, Forms with no Flat Surfaces, Analysis and Selection, Texture, Some Different Approaches to Observation, Movement, Developing a Personal Language, Some Artists on Drawing, Summary, Ackowledgements, Index.
520 _aForeword, Introduction, Drawing Techniques and Approaches, Assessing and Drawing Two Dimensions - Height and Width, Rectilinear Forms from Different Viewpoints, Circles and Cylinders and Cones, Forms with no Flat Surfaces, Analysis and Selection, Texture, Some Different Approaches to Observation, Movement, Developing a Personal Language, Some Artists on Drawing, Summary, Ackowledgements, Index.
700 1 _aSimpson Ian
_94818
942 _cBK
999 _c3909
_d3909